00242nam a2200109 4500020001500000082002000015100002100035245001900056260003900075300000700114650001100121 a9552308283 a677 WIMb007560 aWimalaweera,W.A. aNatural Fibres bOpen University of Sri Lankac2000 a50 aFibres